000 00733nam a2200289Ia 4500
005 20260324124402.0
008 008 260324s9999 xx 000 0 eng d
020 _a9781849775120
037 _aEBOOK
040 _aCRL
040 _beng
040 _cCRL
041 _2eng
041 _aeng
084 _qCRL
100 _a German Solar Energy Society (DGS)
_91173951
245 0 _aPlanning and Installing Solar Thermal Systems
245 2 _bA Guide for Installers, Architects and Engineers
260 _bTaylor and Francis
260 _c2010
365 _a
365 _b540
856 _uhttp://www.taylorfrancis.com/books/9781849775120
942 _cEBOOK
999 _c1768278
_d1768278